000 00672nam a2200241Ia 4500
003 OSt
005 20220928120102.0
006 a|||||r|||| 00| 0
007 ta
008 220927b |||||||| |||| 00| 0 eng d
024 _a54553
037 _cTextual
040 _aSDCL
_cSDCL
_beng
041 _2eng
_aeng
082 _aV44Q7:19(zB)'N6, L9
100 _aPalit D K
_9447526
245 0 _aPakistan's Islamic bomb
260 _aNew Delhi
_bVikas Publishing House
_c1979
300 _axii,150p
_ccm.
700 _a Namboodiri P K S
_9447527
942 _hV44Q7:19(zB)'N6, L9
_cTEXL
_2CC
999 _c762195
_d762195